La France et le Mexique / (Record no. 151797)

MARC details
000 -LEADER
campo de control de longitud fija 00668nam a22001935i 4500
001 - NÚMERO DE CONTROL
campo de control 151797
003 - IDENTIFICADOR DE NÚMERO DE CONTROL
campo de control ES-MaACL
005 - FECHA Y HORA DE LA ÚLTIMA TRANSACCIÓN
campo de control 20230906204403.0
008 - DATOS DE LONGITUD FIJA--INFORMACIÓN GENERAL
campo de control de longitud fija 051005s1863 fr | |||||||| ||fre d
080 ## - NÚMERO DE LA CLASIFICACIÓN DECIMAL UNIVERSAL
Número de la Clasificación Decimal Universal 327(44:72)"18"
080 ## - NÚMERO DE LA CLASIFICACIÓN DECIMAL UNIVERSAL
Número de la Clasificación Decimal Universal 327(72:44)"18"
100 1# - ENTRADA PRINCIPAL--NOMBRE DE PERSONA
Nombre de persona Belleyme, Adolphe de.
9 (RLIN) 27207
245 13 - MENCIÓN DEL TÍTULO
Título La France et le Mexique /
Mención de responsabilidad, etc. par Adolphe de Belleyme.
260 ## - PUBLICACIÓN, DISTRIBUCIÓN, ETC.
Lugar de publicación, distribución, etc. Paris :
Nombre del editor, distribuidor, etc. Dentu,
Fecha de publicación, distribución, etc. 1863 (
Fabricante Imp. Paul Dupont)
300 ## - DESCRIPCIÓN FÍSICA
Extensión 23 p. ;
Dimensiones 22 cm.
651 #4 - PUNTO DE ACCESO ADICIONAL DE MATERIA--NOMBRE GEOGRÁFICO
Nombre geográfico Francia-
Subdivisión general Relaciones-
Subdivisión geográfica México.
9 (RLIN) 159968
651 #4 - PUNTO DE ACCESO ADICIONAL DE MATERIA--NOMBRE GEOGRÁFICO
Nombre geográfico México-
Subdivisión general Relaciones-
Subdivisión geográfica Francia.
9 (RLIN) 159967
852 4# - LOCALIZACIÓN
Ubicación ES-MaACL
Número de control de estantería T-82-F-7
Nota libre - Enc. hol., falto de cub. original
-- - Enc. en un vol. facticio
Holdings
Estatus retirado Estado de pérdida Estado de daño No para préstamo Colección Biblioteca de origen Biblioteca actual Ubicación en estantería Fecha de adquisición Total de préstamos Signatura topográfica completa Código de barras Visto por última vez Precio de reemplazo Tipo de ítem Koha
        Colección de folletos Biblioteca del Ateneo de Madrid Biblioteca del Ateneo de Madrid Depósito folletos 17/01/2008   T-82-F-7 1158427 23/02/2023 23/02/2023 Folleto